El nuevo escenario laboral latinoamericano (Registro nro. 6620)

Detalles MARC
000 -LEADER
fixed length control field 01696 a2200229 4500
001 - CONTROL NUMBER
control field 59201
005 - DATE AND TIME OF LATEST TRANSACTION
control field 20260407155846.0
008 - FIXED-LENGTH DATA ELEMENTS--GENERAL INFORMATION
fixed length control field 260407a2009 arg spa d
003 - CONTROL NUMBER IDENTIFIER
control field AR-UNSa-BCEJYS
040 ## - CATALOGING SOURCE
Original cataloging agency AR-UNSa-BCEJYS
Language of cataloging spa
Transcribing agency AR-UNSa-BCEJYS
080 ## - UNIVERSAL DECIMAL CLASSIFICATION NUMBER
Universal Decimal Classification number 331.5
Common auxiliary subdivision Mercado de Trabajo. Empleo
020 ## - INTERNATIONAL STANDARD BOOK NUMBER
International Standard Book Number 978-987-629-087-6
041 ## - LANGUAGE CODE
Language code of text/sound track or separate title spa
100 1# - MAIN ENTRY--PERSONAL NAME
Personal name Weller, Jürgen
245 10 - TITLE STATEMENT
Title El nuevo escenario laboral latinoamericano
Name of part/section of a work regulación, protección y políticas activas en los mercados de trabajo
264 #1 - PRODUCTION, PUBLICATION, DISTRIBUTION, MANUFACTURE, AND COPYRIGHT NOTICE
Place of production, publication, distribution, manufacture Buenos Aires :
Name of producer, publisher, distributor, manufacturer Siglo XXI Editores Argentina
Date of production, publication, distribution, manufacture, or copyright notice 2009
300 ## - PHYSICAL DESCRIPTION
Extent 318 p.
Dimensions 23 cm.
505 ## - FORMATTED CONTENTS NOTE
Formatted contents note 1. Avances y retos para el perfeccionamiento de la institucionalidad laboral en América Latina / Jürgen Weller - 2. El modelo danés de "flexiguridad" y las lecciones pertinentes para América Latina / Henning Jorgensen - 3. Flexibilidad laboral y seguridad del trabajador: una perspectiva argentina / Adrián Goldin - 4. Flexibilidad y seguridad en el mercado de trabajo: en busca de alternativas para mejorar la protección social de los trabajadores brasileños / José Paulo Zeetano Chahad - 5. Flexibilidad, protección y políticas activas en Chile / Mario D. Velásquez Pinto - 6. México: las dimensiones de la flexiguridad laboral / Clemente Ruiz Durán - 7. Retos pendientes para implementar la flexiguridad en el Perú / Jorge Toyama Miyagusuku, en colaboración con Victoria Rosas Chavéz y Marta Tostes Vieira - 8. Flexiguridad con informalidad : opciones y restricciones / Víctor E. Tokman
590 ## - LOCAL NOTE (RLIN)
Local note niveau_biblio:m niveau_hierar:0
856 41 - ELECTRONIC LOCATION AND ACCESS
Uniform Resource Identifier <a href="https://biblioeco.unsa.edu.ar/pmb/images/libros/L129017.jpg">https://biblioeco.unsa.edu.ar/pmb/images/libros/L129017.jpg</a>
Link text Imagen de portada
Electronic format type image/jpeg
942 ## - ADDED ENTRY ELEMENTS (KOHA)
Koha item type
Existencias
Withdrawn status Lost status Damaged status Not for loan Home library Current library Shelving location Date acquired Total checkouts Full call number Barcode Date last seen Price effective from Koha item type
        Biblioteca Prof. Eusebio Cleto del Rey Biblioteca Prof. Eusebio Cleto del Rey   07/04/2026   331.5 W447 L129017 07/04/2026 07/04/2026 Libro